<?xml version="1.0" encoding="UTF-8"?>
<marc:record xmlns:marc="http://www.loc.gov/MARC21/slim">
   <marc:leader>00000nam a2200000 a 4500</marc:leader>
   <marc:datafield ind1="0" ind2="0" tag="245">
      <marc:subfield code="a">Evan Allmächtig [Bildtonträger]</marc:subfield>
   </marc:datafield>
   <marc:datafield ind1="0" ind2="0" tag="245">
      <marc:subfield code="b">; er soll eine Arche bauen ... und braucht tierisch viel Hilfe ; freigegeben ab 6 Jahren</marc:subfield>
   </marc:datafield>
   <marc:datafield ind1=" " ind2="1" tag="264">
      <marc:subfield code="b">Universal Pictures Germany</marc:subfield>
      <marc:subfield code="c">2007</marc:subfield>
   </marc:datafield>
   <marc:datafield ind1="1" ind2=" " tag="520">
      <marc:subfield code="a">Evan Baxter ist mit seiner beruflichen Karriere beschäftigt. Er ist von Nachrichtensprecher zum Kongressabgeordneten aufgestiegen und plant seinen Weg nach ganz oben. Doch ihm kommt Gott dazwischen, der ihn beauftragt eine Arche zu bauen. Evan passt das gar nicht. Er weigert sich. Doch die Vorzeichen zeigen ihm seine wahre Bestimmung.</marc:subfield>
   </marc:datafield>
</marc:record>
